MARC

LEADER 00000nam0a2200000 4500
001 307470
005 20231102002010.0
035 |a (RuTPU)RU\TPU\book\332763 
090 |a 307470 
100 |a 20151021d1983 km y0rusy50 ca 
101 0 |a rus 
102 |a KG 
105 |a a z 001zy 
200 1 |a Эксплуатационная разведка на карьерах цветной металлургии  |f Г. В. Секисов, Я. М. Додис  |g Академия наук Киргизской ССР (АН КиргССР), Институт физики и механики горных пород 
210 |a Фрунзе  |c Илим  |d 1983 
215 |a 217 с.  |c ил. 
320 |a Библиогр.: с. 203-214 
606 1 |a Рудники цветной металлургии  |x Геологическая служба  |2 stltpush  |3 (RuTPU)RU\TPU\subj\25496  |9 49638 
610 1 |a эксплуатационная разведка 
610 1 |a карьеры 
610 1 |a открытая добыча 
610 1 |a руды цветных металлов 
610 1 |a руды редких металлов 
610 1 |a горное оборудование 
610 1 |a планирование 
610 1 |a организация 
610 1 |a технология 
610 1 |a зарубежный опыт 
675 |a 622.342/349  |v 4 
700 1 |a Секисов  |b Г. В.  |g Геннадий Валентинович 
701 1 |a Додис  |b Я. М.  |g Яков Моисеевич 
712 0 2 |a Академия наук Киргизской ССР (АН КиргССР)  |b Институт физики и механики горных пород  |2 stltpush  |3 (RuTPU)RU\TPU\col\12429 
801 1 |a RU  |b 63413507  |c 20151021 
801 2 |a RU  |b 63413507  |c 20190516  |g RCR 
942 |c BK